| 000 | 00407nam a22001697a 4500 | ||
|---|---|---|---|
| 005 | 20180618121146.0 | ||
| 008 | 160429b xxu||||| |||| 00| 0 eng d | ||
| 020 | _a978-81-3170704-3 | ||
| 041 | _aeng | ||
| 082 | _b00846 | ||
| 100 |
_aJames.F.Stoner and others _94382 |
||
| 245 | _aManagement | ||
| 260 |
_aNew Delhi _bPearson Education, _c1995 |
||
| 300 | _a656 | ||
| 650 |
_aManagement _9241 |
||
| 942 | _cBK | ||
| 999 |
_c277 _d277 |
||